<?xml version="1.0" encoding="UTF-8"?>
<record
    xmlns:xsi="http://www.w3.org/2001/XMLSchema-instance"
    xsi:schemaLocation="http://www.loc.gov/MARC21/slim http://www.loc.gov/standards/marcxml/schema/MARC21slim.xsd"
    xmlns="http://www.loc.gov/MARC21/slim">

  <leader>01854nam a22002177a 4500</leader>
  <controlfield tag="005">20250814105959.0</controlfield>
  <controlfield tag="008">221116b           ||||| |||| 00| 0 eng d</controlfield>
  <datafield tag="020" ind1=" " ind2=" ">
    <subfield code="a">9789391165505</subfield>
  </datafield>
  <datafield tag="040" ind1=" " ind2=" ">
    <subfield code="c">AL</subfield>
  </datafield>
  <datafield tag="041" ind1=" " ind2=" ">
    <subfield code="a">eng</subfield>
  </datafield>
  <datafield tag="082" ind1=" " ind2=" ">
    <subfield code="2">23</subfield>
    <subfield code="a">954.025</subfield>
    <subfield code="b">PURS</subfield>
  </datafield>
  <datafield tag="100" ind1=" " ind2=" ">
    <subfield code="a">Vaibhav Purandare</subfield>
    <subfield code="9">235464</subfield>
  </datafield>
  <datafield tag="245" ind1=" " ind2=" ">
    <subfield code="a">Shivaji : Indias great warrior king</subfield>
  </datafield>
  <datafield tag="260" ind1=" " ind2=" ">
    <subfield code="a">New Delhi</subfield>
    <subfield code="b">Juggernaut </subfield>
    <subfield code="c">2022</subfield>
  </datafield>
  <datafield tag="300" ind1=" " ind2=" ">
    <subfield code="a">x,308p</subfield>
    <subfield code="b">HB</subfield>
    <subfield code="c">24x16cm</subfield>
  </datafield>
  <datafield tag="365" ind1=" " ind2=" ">
    <subfield code="2">History</subfield>
    <subfield code="a">BLCR-000106</subfield>
    <subfield code="b">639.00</subfield>
    <subfield code="c">&#x20B9;</subfield>
    <subfield code="d">799.00</subfield>
    <subfield code="e">20%</subfield>
    <subfield code="f">10-11-2022</subfield>
  </datafield>
  <datafield tag="520" ind1=" " ind2=" ">
    <subfield code="a">Chhatrapati Shivaji Maharaj, the legendary seventeenth-century Maratha warrior who audaciously took on the Mughal empire at the height of its powers under Emperor Aurangzeb, and became a beacon of inspiration well after his death for those fighting for Indian independence, is one of the most compelling figures of early modern India. This is his definitive biography, relying on a vast variety of Marathi language sources overlooked in standard English works and enriched by author Vaibhav Purandare&#x2019;s deep knowledge of the rugged terrain and culture of the region. With a wealth of evocative detail, it charts the dizzying story of this self-made military hero who started out as a teenage rebel of great precocity and daring, and ended up crowning himself king of an independent Maratha state after changing the political map of his native Deccan.
Especially relevant for our times is Purandare&#x2019;s erudite and insightful exploration of whether Shivaji was a Hindu icon, as many have labelled him, or a secular figure, as others have chosen to call him, or something altogether more complex and thought-provoking. This biography corrects many falsities and myths, and it is the only book you need to read about one of India&#x2019;s greatest heroes.</subfield>
  </datafield>
  <datafield tag="650" ind1=" " ind2=" ">
    <subfield code="a">Biography</subfield>
    <subfield code="9">62123</subfield>
  </datafield>
  <datafield tag="650" ind1=" " ind2=" ">
    <subfield code="a">Indian History</subfield>
    <subfield code="9">62124</subfield>
  </datafield>
  <datafield tag="942" ind1=" " ind2=" ">
    <subfield code="2">ddc</subfield>
    <subfield code="c">BK</subfield>
  </datafield>
  <datafield tag="999" ind1=" " ind2=" ">
    <subfield code="c">225166</subfield>
    <subfield code="d">225166</subfield>
  </datafield>
  <datafield tag="952" ind1=" " ind2=" ">
    <subfield code="0">0</subfield>
    <subfield code="1">0</subfield>
    <subfield code="2">ddc</subfield>
    <subfield code="4">0</subfield>
    <subfield code="7">0</subfield>
    <subfield code="8">HIS</subfield>
    <subfield code="a">AL</subfield>
    <subfield code="b">AL</subfield>
    <subfield code="d">2022-11-15</subfield>
    <subfield code="e">Navakarnataka Publications Pvt Ltd Mangaluru 575001</subfield>
    <subfield code="g">639.00</subfield>
    <subfield code="l">2</subfield>
    <subfield code="o">954.025 PURS</subfield>
    <subfield code="p">076227</subfield>
    <subfield code="r">2024-09-04 00:00:00</subfield>
    <subfield code="s">2024-08-29</subfield>
    <subfield code="v">799.00</subfield>
    <subfield code="w">2022-11-16</subfield>
    <subfield code="y">BK</subfield>
  </datafield>
</record>
